000 00558nam a2200181Ia 4500
003 STCL
008 181203s9999 xx 000 0 und d
020 _a9788126205196
040 _aSTCL
_bEN
_cSTCL
082 _222
100 _aHugo, Victor; Sasidharan, K.P., Tr.
245 0 _aനോട്ടർഡാമിലെ കൂനൻ
246 _aNottardamile Koonan / Notredamile Koonan / The Hunchback of Notre-Dame by Victor Hugo
260 _bChintha Publishers
_aThiruvananthapuram
_c2010
300 _a488
546 _aMalayalam
942 _2ddc
_cBK
999 _c84499
_d84499